<?xml version="1.0" encoding="UTF-8"?>
<record
    xmlns:xsi="http://www.w3.org/2001/XMLSchema-instance"
    xsi:schemaLocation="http://www.loc.gov/MARC21/slim http://www.loc.gov/standards/marcxml/schema/MARC21slim.xsd"
    xmlns="http://www.loc.gov/MARC21/slim">

  <leader>04213cam a2200349   4500500</leader>
  <controlfield tag="005">20260517000323.0</controlfield>
  <datafield tag="041" ind1=" " ind2=" ">
    <subfield code="a">fre</subfield>
  </datafield>
  <datafield tag="042" ind1=" " ind2=" ">
    <subfield code="a">dc</subfield>
  </datafield>
  <datafield tag="100" ind1="1" ind2="0">
    <subfield code="a">Brunn, Matthias</subfield>
    <subfield code="e">author</subfield>
  </datafield>
  <datafield tag="700" ind1="1" ind2="0">
    <subfield code="a">Chevreul, Karine</subfield>
    <subfield code="e">author</subfield>
  </datafield>
  <datafield tag="245" ind1="0" ind2="0">
    <subfield code="a">Prise en charge des patients atteints de maladies chroniques. Concepts, &#xE9;valuations et enseignements internationaux</subfield>
  </datafield>
  <datafield tag="260" ind1=" " ind2=" ">
    <subfield code="c">2013.
							</subfield>
  </datafield>
  <datafield tag="500" ind1=" " ind2=" ">
    <subfield code="a">70</subfield>
  </datafield>
  <datafield tag="520" ind1=" " ind2=" ">
    <subfield code="a">Le nombre croissant de personnes atteintes de maladies chroniques repr&#xE9;sente un d&#xE9;fi majeur pour les syst&#xE8;mes de sant&#xE9; en termes de morbidit&#xE9;, de mortalit&#xE9;, de qualit&#xE9; de la prise en charge et d&#x2019;impact financier. Afin de r&#xE9;pondre &#xE0; ce d&#xE9;fi, plusieurs concepts organisationnels pour une prise en charge structur&#xE9;e des maladies chroniques ont &#xE9;t&#xE9; d&#xE9;velopp&#xE9;s. Nous avons men&#xE9; une revue de la litt&#xE9;rature afin d&#x2019;identifier les concepts-cl&#xE9;s, les r&#xE9;sultats et les facteurs de succ&#xE8;s potentiels des dispositifs mis en place.Quatre concepts principaux, tous rattach&#xE9;s au concept plus large des soins int&#xE9;gr&#xE9;s, ont &#xE9;t&#xE9; identifi&#xE9;s&#xA0;: le case management, le disease management, le chronic care model et le population management. Les travaux d&#x2019;&#xE9;valuation disponibles indiquent que les r&#xE9;sultats escompt&#xE9;s en termes de gains de sant&#xE9; et de r&#xE9;duction des co&#xFB;ts ne sont que partiellement atteints mais qu&#x2019;il existe bien une am&#xE9;lioration de la prise en charge. Plusieurs facteurs n&#xE9;cessaires au succ&#xE8;s des dispositifs mis en &#x153;uvre pour am&#xE9;liorer la prise en charge de maladies chroniques sont identifi&#xE9;s&#xA0;: l&#x2019;int&#xE9;gration de l&#x2019;&#xE9;ducation th&#xE9;rapeutique du patient, la mise en place d&#x2019;un syst&#xE8;me de rep&#xE9;rage des patients, le retour d&#x2019;information vers les professionnels sur leurs pratiques, la performance des soins primaires et l&#x2019;existence d&#x2019;incitations financi&#xE8;res ad&#xE9;quates.Ainsi, une meilleure prise en charge des patients atteints de maladies chroniques requiert un ensemble d&#x2019;&#xE9;l&#xE9;ments interd&#xE9;pendants. Il faut cependant noter que les dispositifs mis en place n&#x2019;induisent le plus souvent pas d&#x2019;&#xE9;conomies imm&#xE9;diates mais repr&#xE9;sentent un investissement pour l&#x2019;avenir.</subfield>
  </datafield>
  <datafield tag="520" ind1=" " ind2=" ">
    <subfield code="a">Care for patients with chronic illness &#x2013; concepts, assessment and foreign experiencesThe growing number of people with chronic diseases is a major challenge for health care systems in terms of morbidity, mortality, quality of care and financial impact. A range of organizational concepts for structured chronic disease care have been developed to address this challenge. The purpose of this literature review is to identify the key concepts, results and success factors of recent initiatives in this area.Four main concepts related to the broader notion of integrated care were identified&#xA0;: case management, disease management, the chronic care model and population management. The available evidence suggests that the expected results in terms of health gains and cost reductions have only been partially achieved, but that the quality of care has improved. The study identified several critical success factors for initiatives aimed at improving chronic care&#xA0;: the integration of patient education, the implementation of a patient identification system, provider feedback, primary care performance and financial incentives.Improved care for patients with chronic illness requires a range of interdependent measures. However, it is important to note that initiatives in this area are not usually associated with short-term savings, but represent an investment for the future.</subfield>
  </datafield>
  <datafield tag="690" ind1=" " ind2=" ">
    <subfield code="a">case management</subfield>
  </datafield>
  <datafield tag="690" ind1=" " ind2=" ">
    <subfield code="a">chronic care model</subfield>
  </datafield>
  <datafield tag="690" ind1=" " ind2=" ">
    <subfield code="a">disease management</subfield>
  </datafield>
  <datafield tag="690" ind1=" " ind2=" ">
    <subfield code="a">&#xE9;valuation</subfield>
  </datafield>
  <datafield tag="690" ind1=" " ind2=" ">
    <subfield code="a">population management</subfield>
  </datafield>
  <datafield tag="690" ind1=" " ind2=" ">
    <subfield code="a">prise en charge de maladies chroniques</subfield>
  </datafield>
  <datafield tag="690" ind1=" " ind2=" ">
    <subfield code="a">soins int&#xE9;gr&#xE9;s</subfield>
  </datafield>
  <datafield tag="690" ind1=" " ind2=" ">
    <subfield code="a">case management</subfield>
  </datafield>
  <datafield tag="690" ind1=" " ind2=" ">
    <subfield code="a">chronic care model</subfield>
  </datafield>
  <datafield tag="690" ind1=" " ind2=" ">
    <subfield code="a">chronic disease management</subfield>
  </datafield>
  <datafield tag="690" ind1=" " ind2=" ">
    <subfield code="a">disease management</subfield>
  </datafield>
  <datafield tag="690" ind1=" " ind2=" ">
    <subfield code="a">evaluation</subfield>
  </datafield>
  <datafield tag="690" ind1=" " ind2=" ">
    <subfield code="a">integrated care</subfield>
  </datafield>
  <datafield tag="690" ind1=" " ind2=" ">
    <subfield code="a">population management</subfield>
  </datafield>
  <datafield tag="786" ind1="0" ind2=" ">
    <subfield code="n">Sant&#xE9; Publique | 25 | 1 | 2013-03-01 | p. 87-94 | 0995-3914</subfield>
  </datafield>
  <datafield tag="856" ind1="4" ind2="1">
    <subfield code="u">https://stm.cairn.info/revue-sante-publique-2013-1-page-87?lang=fr&amp;redirect-ssocas=7080</subfield>
  </datafield>
  <datafield tag="999" ind1=" " ind2=" ">
    <subfield code="c">2231298</subfield>
    <subfield code="d">2231298</subfield>
  </datafield>
</record>
